000
00279nam a2200097Ia 4500
082
_a
332.0240145 LEE
245
0
_a
Fast-forward your retirement through property
100
_a
LEE, Jason Cape Town, 2009
_9
69139
942
_c
BK
008
210817s9999 xx 000 0 und d
999
_c
223383
_d
223382